| 000 | 00464nam a2200169 a 4500 | ||
|---|---|---|---|
| 001 | 5657 | ||
| 005 | 20180713185517.0 | ||
| 008 | 140415s1957 000 0 spa d | ||
| 041 | _aspa | ||
| 082 |
_a808.068 _bSEW |
||
| 100 | 1 | _aSEWELL, ANNA | |
| 245 | 1 | 0 |
_aBLACK BEAUTY : _bTHE AUTOBIOGRAPHY OF A HORSE |
| 260 |
_a[s.l.] : _bTHE JOHN C. WINSTOW COMPANY, _c1957 |
||
| 300 | _a276 | ||
| 490 | _aTHE CHILDRENS CLASSICS | ||
| 650 | 1 | 4 | _aAUTOBIOGRAFIA |
| 999 |
_c5657 _d5657 |
||